00693nam a22001937a 45000050016000000100015000160200023000310350013000540370013000670820008000801000025000882450081001132600049001942700063002433000021003069420022003279990017003499520133003662010081602092.0 aENG-100609 a8181500962c125.00 aEN-84142 bDBAD/PUB a200 aDutta, Jeewan913855 aCovetousness :ban ardent desire to possess more and more /cby Jeewan Dutta aNew DelhibAravali Books Internationalc2009 aW-30, Okhla Industrial Area, Phase - IIbNew Delhie110020 a54p.c22cm (pbk) 2ddccENh200mDUT c42097d42097 001040718NFICaDBADbDBADd2010-08-16eDBAD/PUBg125.00l0o200 DUTpEN-84142r2010-08-16 00:00:00t1v125.00w2010-08-16yEN